Tate McRae - Paroles we're not alike - Statistiques

Statistiques générales
  • Ce quiz a été pris 69 fois
  • Le résultat moyen est 292 sur 346
Statistiques - réponses
Hint Réponse % Correct
a
100%
Couplet 1 I
98%
and
93%
And
93%
but
93%
But
93%
lie
93%
lie)
93%
(oh,
93%
the
93%
you
93%
Pré-refrain You
93%
(You
93%
alike
91%
back,
91%
do
91%
girl,
91%
had
91%
it
91%
my
91%
no)
91%
No,
91%
no
91%
(No,
91%
Refrain Said
91%
she
91%
Refrain She
91%
that
91%
was
91%
We're
91%
why,
91%
why
91%
wonder
91%
did
88%
girl's
88%
knife
88%
never
88%
not
88%
that's
88%
(that's
88%
twice
88%
good
86%
could
84%
know
84%
once
84%
I'm
81%
so
81%
So
81%
then
81%
right
79%
right,
79%
your
79%
'cause
77%
'Cause
77%
got
77%
nothing
77%
there's
77%
to
77%
when
77%
eyes
74%
missing
74%
see
74%
than
74%
this
74%
Time
74%
time
74%
by
72%
I'll
72%
innocent
72%
innocent)
72%
look
72%
signs
72%
worse
72%
wrong,
72%
admit
70%
close
70%
decide
70%
him
70%
of
70%
sorry,
70%
want
70%
doesn't
67%
fact
67%
judgment
67%
over
67%
side
67%
told
67%
Couplet 2 Told
67%
yeah,
67%
you're
67%
lack
65%
truth
65%
would
65%
instead?
63%
instead)
63%
maybe
63%
sayin'
63%
should
63%
still
63%
haven't
60%
me
60%
fuckin'
58%
heal,
58%
Judging
58%
petty
56%
pulled
56%
saying
56%
herself
47%
calls
44%
wool
44%
Or
40%
Aucun quiz correspondant
Distribution des résultats
% des personnes avec chaque résultat
Percentile par nombre de réponses
Votre historique - résultats
Vous n’avez pas pris ce quiz